000 002570000a22000970004500
100 1 _aChristensen, Derek
245 1 0 _aTraining : Endurance food for serious tentmakers
300 _aVol. 14, Núm 13 (1997), Páginas 133-138
773 0 _tEvangel
942 _cANA
999 _c54162
_d54162